Datum a čas kvízu
36
Celkem bodů
Celkový počet nahraných bodů na tomto kvízu bez doplňovacích otázek.
3.
Pořadí na kvízu
Konečné umístění týmu na tomto kvízu.
Zaznamenané odpovědi
| # | Otázka | Odpověď | Body | Výsledky |
|---|---|---|---|---|
| 1. | Ze známého léku proti nepříjem... | 0 | ||
| 2. | Neobvyklý trest dostal starost... | 0 | ||
| 3. | Tento hvězdný pár už spolu asi... | 1 | ||
| 4. | Mezinárodní veletrh motocyklů,... | 1 | ||
| 5. | Tomáš Plekanec změnil po 14 se... | 1 | ||
| 6. | Které z těchto děl Karla Čapka... | 0 | ||
| 7. | Zadívejte se na tento obraz Fr... | 1 | ||
| 8. | Toto dílo by bylo zbytečné pře... | 1 | ||
| 9. | Hudbu a text písně Kávu si osl... | 0 | ||
| 10. | Přiřaďte naše klasické filmy k... | 1 |